Vocabulaire Japonais #2 - Statistiques

Statistiques générales
  • Ce quiz a été pris 144 fois
  • Le résultat moyen est 27 sur 75
Statistiques - réponses
Hint Réponse % Correct
Eau Mizu
97%
Dieu Kami
86%
Cheveux Kami
86%
Papier Kami
86%
Feuille Ha
77%
Vent Kaze
77%
Fleur Hana
74%
Lune Tsuki
60%
Neige Yuki
60%
Feu Hi
59%
Montagne Yama
57%
Pluie Ame
56%
Chaud Atsui
56%
Mer Umi
56%
Livre Hon
55%
Rêve Yume
55%
Feux d'artifice Hanabi
53%
Arbre Ki
53%
Voiture Kuruma
50%
Bus Basu
47%
Etoiles Hoshi
45%
Froid Samui
43%
Film Eiga
41%
Nuages Kumo
41%
Gare Eki
40%
Chanson Uta
40%
Train Densha
38%
Rivière Kawa
37%
Docteur Isha
36%
Parc Kōen
34%
Stylo Pen
34%
Photo Shashin
33%
Chaussures Kutsu
32%
Electricité Denki
31%
Pont Hashi
31%
Baguettes Hashi
31%
Sac Kaban
31%
Appareil photo Kamera
31%
Forêt Mori
31%
Musique Ongaku
31%
Temps (météo) Tenki
31%
Vélo Jitensha
30%
Vague Nami
30%
Festival Matsuri
29%
Hôpital Byōin
28%
Téléphone Denwa
28%
Soleil Taiyō
28%
Terre / sol Tsuchi
27%
Chaud (agréable) Atatakai
24%
Travail Shigoto
24%
Lettre Tegami
24%
Métro Chikatetsu
22%
Chapeau Bōshi
21%
Cinéma Eigakan
19%
Avion Hikōki
19%
Nuageux Kumori
19%
Médicaments Kusuri
19%
Portefeuille Saifu
19%
Journal Shinbun
19%
Temple Tera
19%
Carte Chizu
18%
Aéroport Kūkō
18%
Sanctuaire Jinja
17%
Montre Tokei
17%
Billet Kippu
16%
Ensoleillé Hare
15%
Voyage Ryokō
14%
Chemise Shatsu
14%
Glace Kōri
13%
Bibliothèque Toshokan
13%
Planète Terre Chikyū
11%
Foudre Inazuma
10%
Espace / Cosmos Uchū
9%
Trésor Takaramono
7%
Cadeau Okurimono
1%
Aucun quiz correspondant
Distribution des résultats
% des personnes avec chaque résultat
Percentile par nombre de réponses
Votre historique - résultats
Vous n’avez pas pris ce quiz